Sports Quiz

Random Sports or Football Quiz

Presidential Medal of Freedom Athletes Quiz Stats

 Plays Quiz Updated Jun 7, 2019

Score 0/20 Timer 05:00
1 Play Today
% Correct
Tiger Woods
98.8%
Michael Jordan
89.7%
Muhammad Ali
85.8%
Kareem Abdul-Jabbar
78%
Bill Russell
65.3%
Billie Jean King
61.3%
Arnold Palmer
57%
Jack Nicklaus
54.4%
Jesse Owens
46.9%
John Wooden
43.8%
% Correct
Roger Staubach
43.4%
Pat Summitt
42.6%
Willie Mays
41.4%
Hank Aaron
39.3%
Frank Robinson
39.2%
Richard Petty
38.4%
Ted Williams
37.4%
Stan Musial
27.1%
Ernie Banks
21.7%
Alan Page
13%

You're not logged in!

Compare scores with friends on all Sporcle quizzes.
OR
Log In

Sporcle TV

Today on Sporcle TV


Watch our educational content, quiz creation guides, and fun videos on Sporcle TV.

Show Comments

Extras

Top Quizzes Today


Score Distribution

Your Account Isn't Verified!

In order to create a playlist on Sporcle, you need to verify the email address you used during registration. Go to your Sporcle Settings to finish the process.

Report this User

Report this user for behavior that violates our Community Guidelines.

Details: